000 00921nam a2200145Ia 4500
008 220216s9999 xx 000 0 und d
100 _aGnanaharan R
245 0 _aSimplified boron diffusion treatment for rubber wood
260 _bInternational Journal of Wood Preservation
_c1982
300 _a169-171
520 _aSusceptibility of rubber wood to fungal and insect attack limits its wider utilisation. Rubber wood is very permeable and it does not pose any problem for diffusion of chemicals into the wood. This study found that immersing 25 mm thick material in a 10;boric acid equivalent solution containing 0.5;sodium pentachlorophenoxide for 40 minutes gave adequate loading of chemicals even at ambient temperature of about 30 degree C. It was found that increasing the immersion time does not increase the loading of chemicals appreciably.
650 _aBoron diffusion
650 _aRubberwood
942 _cBO
999 _c48088
_d48088